Príčiny, priebeh a dôsledky ekvádorsko-peruánskeho konfliktu

Konflikt medzi Ekvádorom a Peru, ktorý patril svojou intenzitou k najväčším v Latinskej Amerike. Jeho pôvod siaha do 19. storočia, do obdobia, ktoré nasledovalo po národnooslobodzovacom boji a počas ktorého dochádzalo k vymedzeniu a ustáleniu hraníc národných štátov v regióne Latinskej Ameriky. Spor...

Full description

Saved in:
Bibliographic Details
Main Author: Kucharčík, Rudolf, 1977-
Format: Book Chapter
Language:Slovak
Subjects:
Tags: Add Tag
No Tags, Be the first to tag this record!

MARC

LEADER 00000naa$a2200000$$$4500
001 0271583
005 20240502074300.0
041 0 |a slo 
044 |a SK 
245 1 0 |a Príčiny, priebeh a dôsledky ekvádorsko-peruánskeho konfliktu  |c Rudolf Kucharčík 
520 |a Konflikt medzi Ekvádorom a Peru, ktorý patril svojou intenzitou k najväčším v Latinskej Amerike. Jeho pôvod siaha do 19. storočia, do obdobia, ktoré nasledovalo po národnooslobodzovacom boji a počas ktorého dochádzalo k vymedzeniu a ustáleniu hraníc národných štátov v regióne Latinskej Ameriky. Spor poznačil vzťahy medzi Ekvádorom a Peru počas celého 20. storočia a bol ukončený až podpisom príslušnej mierovej dohody na konci deväťdesiatych rokov. 
610 2 0 |a Ekvádor 
610 2 0 |a Peru 
610 2 0 |a konflikty 
610 2 0 |a vzťahy medzinárodné 
100 1 |a Kucharčík, Rudolf, 1977-